书目信息 |
| 题名: |
漫画素描技法从入门到精通
|
|
| 作者: | ;C·C动漫社 著 | |
| 分册: | 12 人物基础篇 | |
| 出版信息: | 北京 中国水利水电出版社 2013.07 |
|
| 页数: | 287页 | |
| 开本: | 26cm | |
| 丛书名: | ||
| 单 册: | ||
| 中图分类: | J214 , J218.2 | |
| 科图分类: | ||
| 主题词: | 漫画--素描技法 , 漫画 , 素描技法 | |
| 电子资源: | 9787517007715.jpg | |
| ISBN: | 978-7-5170-0771-5 | |
| 000 | 01037nam0 2200313 450 | |
| 001 | 012013122725 | |
| 005 | 20130627154843.15 | |
| 010 | @a978-7-5170-0771-5@dCNY45.00 | |
| 100 | @a20130521d2013 em y0chiy0110 ea | |
| 101 | 0 | @achi |
| 102 | @aCN@b110000 | |
| 105 | @aa z 000yy | |
| 106 | @ar | |
| 200 | 1 | @a漫画素描技法从入门到精通@9man hua su miao ji fa cong ru men dao jing tong@h12@i人物基础篇@fC·C动漫社著 |
| 210 | @a北京@c中国水利水电出版社@d2013.07 | |
| 215 | @a287页@d26cm | |
| 312 | @a封面英文题名:Excellent comic sketching techniques | |
| 330 | @a本书首先从漫画的基础知识入手,从漫画工具的介绍及用法开始讲解,再由浅及深,将人物分为头部和身体两大部分。 | |
| 333 | @a漫画素描爱好者 | |
| 510 | 1 | @aExcellent comic sketching techniques@zeng |
| 606 | 0 | @a漫画@x素描技法 |
| 606 | 0 | @a漫画 |
| 606 | 0 | @a素描技法 |
| 690 | @aJ214@v5 | |
| 690 | @aJ218.2@v5 | |
| 711 | 02 | @aC·C动漫社@9c·cdong man she@4著 |
| 801 | 0 | @aCN@b人天书店@c20130521 |
| 856 | @u9787517007715.jpg | |
| 905 | @b546888-91@dJ214@e639@f4 | |
| 漫画素描技法从入门到精通.12.人物基础篇/C·C动漫社著.-北京:中国水利水电出版社,2013.07 |
| 287页;26cm |
| 使用对象:漫画素描爱好者 |
| ISBN 978-7-5170-0771-5:CNY45.00 |
| 本书首先从漫画的基础知识入手,从漫画工具的介绍及用法开始讲解,再由浅及深,将人物分为头部和身体两大部分。 |
| ● |
| 相关链接 |
|
|
|
|
正题名:漫画素描技法从入门到精通
索取号:J214/639
 
预约/预借
| 序号 | 登录号 | 条形码 | 馆藏地/架位号 | 状态 | 备注 |
| 1 | 546888 | 205468885 | 第一样本阅览室/ [索取号:J214/639] | 在馆 | |
| 2 | 546889 | 205468894 | 第一借阅区/ [索取号:J214/639] | 在馆 | |
| 3 | 546890 | 205468901 | 第一借阅区/ [索取号:J214/639] | 在馆 | |
| 4 | 546891 | 205468910 | 美术系资料室/ [索取号:J214/639] | 在馆 |